000 00976nam a2200241 a 4500
001 48642
003 BD-RjUL
005 20211209054546.0
008 160814s1968 bg |||| ||| 000 0 ben d
020 _c: Tk. 4.00
035 _a(BD-RjUL)48761
040 _aBD-RjUL
_bben
_cBD-RjUL
_dBD-RjUL
041 _aben
082 _223
_a891.44209
_bMAI 1968
245 1 0 _aমাইকেলের প্রহসন /
_cমাহবুবুল আলম ; গোলাম মুরশিদ সম্পাদনা
260 _aঢাকা :
_bখান এন্ড ব্রাদার্স কোং,
_c১৯৬৮
300 _a১৪৪ পৃ. ;
_e২১ সেমি.
650 _aবাংলা নাটক
_xইতিহাস ও সমালোচনা
_9123674
650 _aBengali drama
_xHistory and criticism
_9122764
700 _a আলম, মাহবুবুল
_9145909
700 _aমুরশিদ, গোলাম
_9146884
942 _2ddc
_cBK
999 _c48642
_d48642